[Event "Deutsche Ländermeisterschaft 2025"]
[Site "Oer-Erkenschwick GER"]
[Date "2025.10.03"]
[Round "4"]
[White "Müller, Maximilian"]
[Black "Sniegowski, Richard"]
[Result "0-1"]
[Termination "normal"]
[Board "9.2"]
[WhiteElo "2059"]
[BlackElo "1854"]
[WhiteClock "00:20:47"]
[BlackClock "00:08:33"]
[WhiteTeam "Saarland & Friends"]
[BlackTeam "Thüringen"]
[PlyCount "98"]
[WhiteFideId "16243552"]
[BlackFideId "34664181"]
[EventCountry "GER"]
[EventRounds "7"]
[EventType "team-swiss"]
[EventDate "2025.09.30"]

1. e4 {[%clk 01:30:57]} {[%emt 00:00:02]} c6 {[%clk 01:30:56]} {[%emt
00:00:05]} 2. d4 {[%clk 01:31:24]} {[%emt 00:00:04]} d5 {[%clk 01:31:22]}
{[%emt 00:00:04]} 3. Nc3 {[%clk 01:31:50]} {[%emt 00:00:03]} dxe4 {[%clk
01:31:43]} {[%emt 00:00:09]} 4. Nxe4 {[%clk 01:32:15]} {[%emt 00:00:06]} Bf5
{[%clk 01:32:08]} {[%emt 00:00:04]} 5. Ng3 {[%clk 01:32:41]} {[%emt 00:00:04]}
Bg6 {[%clk 01:32:34]} {[%emt 00:00:04]} 6. Nh3 {[%clk 01:33:08]} {[%emt
00:00:03]} Nf6 {[%clk 01:31:12]} {[%emt 00:01:52]} 7. Nf4 {[%clk 01:31:37]}
{[%emt 00:02:01]} e5 {[%clk 01:31:37]} {[%emt 00:00:05]} 8. Nxg6 {[%clk
01:27:48]} {[%emt 00:04:19]} hxg6 {[%clk 01:31:37]} {[%emt 00:00:29]} 9. dxe5
{[%clk 01:28:07]} {[%emt 00:00:11]} Qa5+ {[%clk 01:32:03]} {[%emt 00:00:04]}
10. Bd2 {[%clk 01:28:32]} {[%emt 00:00:05]} Qxe5+ {[%clk 01:32:05]} {[%emt
00:00:29]} 11. Qe2 {[%clk 01:28:59]} {[%emt 00:00:03]} Nbd7 {[%clk 01:23:31]}
{[%emt 00:09:04]} 12. Bc3 {[%clk 01:20:36]} {[%emt 00:08:52]} Qxe2+ {[%clk
01:19:34]} {[%emt 00:04:27]} 13. Bxe2 {[%clk 01:20:58]} {[%emt 00:00:08]} Nd5
{[%clk 01:15:40]} {[%emt 00:04:25]} 14. Bd2 {[%clk 01:21:26]} {[%emt 00:00:02]}
O-O-O {[%clk 01:14:59]} {[%emt 00:01:11]} 15. O-O {[%clk 01:10:19]} {[%emt
00:11:37]} Bd6 {[%clk 01:10:39]} {[%emt 00:04:49]} 16. c4 {[%clk 01:09:58]}
{[%emt 00:00:51]} Nf4 {[%clk 01:08:59]} {[%emt 00:02:09]} 17. Bf3 {[%clk
01:10:24]} {[%emt 00:00:05]} Ne5 {[%clk 01:08:05]} {[%emt 00:01:24]} 18. Bxf4
{[%clk 01:06:52]} {[%emt 00:04:01]} Nxf3+ {[%clk 01:08:19]} {[%emt 00:00:16]}
19. gxf3 {[%clk 01:07:21]} {[%emt 00:00:02]} Bxf4 {[%clk 01:08:34]} {[%emt
00:00:15]} 20. Rad1 {[%clk 01:07:48]} {[%emt 00:00:02]} f5 {[%clk 00:58:57]}
{[%emt 00:10:07]} 21. Kg2 {[%clk 01:07:36]} {[%emt 00:00:42]} Rhe8 {[%clk
00:57:20]} {[%emt 00:02:06]} 22. b3 {[%clk 01:07:23]} {[%emt 00:00:44]} a5
{[%clk 00:54:09]} {[%emt 00:03:40]} 23. h4 {[%clk 00:49:37]} {[%emt 00:18:16]}
Kc7 {[%clk 00:42:23]} {[%emt 00:12:17]} 24. Rxd8 {[%clk 00:43:04]} {[%emt
00:07:03]} Kxd8 {[%clk 00:34:20]} {[%emt 00:08:33]} 25. Rd1+ {[%clk 00:41:30]}
{[%emt 00:02:04]} Kc7 {[%clk 00:34:11]} {[%emt 00:00:39]} 26. a3 {[%clk
00:34:34]} {[%emt 00:07:26]} Bd6 {[%clk 00:30:47]} {[%emt 00:03:53]} 27. a4
{[%clk 00:33:38]} {[%emt 00:01:27]} Rh8 {[%clk 00:24:27]} {[%emt 00:06:50]} 28.
Rh1 {[%clk 00:28:40]} {[%emt 00:05:29]} Kb6 {[%clk 00:20:55]} {[%emt 00:04:02]}
29. h5 {[%clk 00:27:43]} {[%emt 00:01:27]} Kc5 {[%clk 00:18:37]} {[%emt
00:02:49]} 30. Rd1 {[%clk 00:26:55]} {[%emt 00:01:18]} Bxg3 {[%clk 00:18:08]}
{[%emt 00:00:59]} 31. Kxg3 {[%clk 00:27:20]} {[%emt 00:00:04]} gxh5 {[%clk
00:18:05]} {[%emt 00:00:34]} 32. Rd7 {[%clk 00:27:45]} {[%emt 00:00:05]} f4+
{[%clk 00:17:25]} {[%emt 00:01:09]} 33. Kxf4 {[%clk 00:23:26]} {[%emt
00:04:49]} h4 {[%clk 00:16:36]} {[%emt 00:01:19]} 34. Rxg7 {[%clk 00:23:52]}
{[%emt 00:00:04]} h3 {[%clk 00:16:50]} {[%emt 00:00:15]} 35. Rg1 {[%clk
00:24:18]} {[%emt 00:00:04]} h2 {[%clk 00:16:35]} {[%emt 00:00:45]} 36. Rh1
{[%clk 00:24:46]} {[%emt 00:00:02]} Kb4 {[%clk 00:17:01]} {[%emt 00:00:05]} 37.
Kg5 {[%clk 00:23:47]} {[%emt 00:01:28]} Kxb3 {[%clk 00:16:34]} {[%emt
00:00:58]} 38. f4 {[%clk 00:24:12]} {[%emt 00:00:05]} Kxc4 {[%clk 00:15:58]}
{[%emt 00:01:06]} 39. f5 {[%clk 00:24:37]} {[%emt 00:00:05]} b5 {[%clk
00:09:44]} {[%emt 00:06:44]} 40. f6 {[%clk 00:22:09]} {[%emt 00:02:57]} b4
{[%clk 00:09:17]} {[%emt 00:00:57]} 41. f7 {[%clk 00:22:34]} {[%emt 00:00:05]}
b3 {[%clk 00:09:00]} {[%emt 00:00:47]} 42. Rxh2 {[%clk 00:20:32]} {[%emt
00:02:32]} Rf8 {[%clk 00:07:57]} {[%emt 00:01:33]} 43. Kg6 {[%clk 00:20:54]}
{[%emt 00:00:05]} b2 {[%clk 00:08:19]} {[%emt 00:00:12]} 44. Rh1 {[%clk
00:21:15]} {[%emt 00:00:08]} Kb3 {[%clk 00:08:19]} {[%emt 00:00:30]} 45. f4
{[%clk 00:20:12]} {[%emt 00:01:33]} c5 {[%clk 00:06:56]} {[%emt 00:01:53]} 46.
Kg7 {[%clk 00:19:55]} {[%emt 00:00:47]} Rxf7+ {[%clk 00:07:20]} {[%emt
00:00:06]} 47. Kxf7 {[%clk 00:20:21]} {[%emt 00:00:04]} c4 {[%clk 00:07:44]}
{[%emt 00:00:06]} 48. f5 {[%clk 00:20:20]} {[%emt 00:00:31]} c3 {[%clk
00:08:10]} {[%emt 00:00:04]} 49. f6 {[%clk 00:20:47]} {[%emt 00:00:03]} c2
{[%clk 00:08:33]} {[%emt 00:00:07]} 0-1

[Event "Deutsche Ländermeisterschaft 2025"]
[Site "Oer-Erkenschwick GER"]
[Date "2025.10.03"]
[Round "4"]
[White "Apel, Linus"]
[Black "Tabales, Lennart"]
[Result "0-1"]
[Termination "normal"]
[Board "9.3"]
[WhiteElo "1902"]
[BlackElo "1873"]
[WhiteClock "00:13:21"]
[BlackClock "00:36:51"]
[WhiteTeam "Thüringen"]
[BlackTeam "Saarland & Friends"]
[PlyCount "44"]
[WhiteFideId "16265785"]
[BlackFideId "34604057"]
[EventCountry "GER"]
[EventRounds "7"]
[EventType "team-swiss"]
[EventDate "2025.09.30"]

1. e4 {[%clk 01:30:56]} {[%emt 00:00:04]} c5 {[%clk 01:30:51]} {[%emt
00:00:10]} 2. Nf3 {[%clk 01:31:13]} {[%emt 00:00:13]} d6 {[%clk 01:31:15]}
{[%emt 00:00:06]} 3. d4 {[%clk 01:31:30]} {[%emt 00:00:13]} cxd4 {[%clk
01:31:42]} {[%emt 00:00:03]} 4. Nxd4 {[%clk 01:31:50]} {[%emt 00:00:10]} Nf6
{[%clk 01:32:07]} {[%emt 00:00:05]} 5. Nc3 {[%clk 01:32:09]} {[%emt 00:00:10]}
a6 {[%clk 01:32:32]} {[%emt 00:00:05]} 6. Rg1 {[%clk 01:29:04]} {[%emt
00:03:35]} h5 {[%clk 01:29:08]} {[%emt 00:03:54]} 7. Bg5 {[%clk 01:27:42]}
{[%emt 00:01:52]} e6 {[%clk 01:26:49]} {[%emt 00:02:49]} 8. Qf3 {[%clk
01:23:34]} {[%emt 00:04:38]} Nbd7 {[%clk 01:25:39]} {[%emt 00:01:39]} 9. O-O-O
{[%clk 01:19:34]} {[%emt 00:04:30]} Qc7 {[%clk 01:23:59]} {[%emt 00:02:11]} 10.
Qe3 {[%clk 01:10:29]} {[%emt 00:09:35]} b5 {[%clk 01:11:36]} {[%emt 00:12:53]}
11. Nd5 {[%clk 00:58:30]} {[%emt 00:12:29]} exd5 {[%clk 00:59:35]} {[%emt
00:12:31]} 12. exd5+ {[%clk 00:58:46]} {[%emt 00:00:15]} Be7 {[%clk 00:59:22]}
{[%emt 00:00:43]} 13. Nf5 {[%clk 00:46:17]} {[%emt 00:12:58]} Ne5 {[%clk
00:55:15]} {[%emt 00:04:38]} 14. Nxg7+ {[%clk 00:37:53]} {[%emt 00:08:54]} Kd8
{[%clk 00:54:14]} {[%emt 00:01:31]} 15. f4 {[%clk 00:33:00]} {[%emt 00:05:23]}
Neg4 {[%clk 00:48:50]} {[%emt 00:05:55]} 16. Qd4 {[%clk 00:24:31]} {[%emt
00:08:58]} Qa7 {[%clk 00:46:56]} {[%emt 00:02:23]} 17. Qb4 {[%clk 00:20:47]}
{[%emt 00:04:14]} a5 {[%clk 00:43:19]} {[%emt 00:04:07]} 18. Qxb5 {[%clk
00:14:29]} {[%emt 00:06:48]} Bd7 {[%clk 00:38:57]} {[%emt 00:04:52]} 19. Qe2
{[%clk 00:12:17]} {[%emt 00:02:42]} Qxg1 {[%clk 00:36:11]} {[%emt 00:03:17]}
20. Re1 {[%clk 00:12:30]} {[%emt 00:00:17]} Qe3+ {[%clk 00:36:14]} {[%emt
00:00:26]} 21. Qxe3 {[%clk 00:12:55]} {[%emt 00:00:05]} Nxe3 {[%clk 00:36:42]}
{[%emt 00:00:03]} 22. Rxe3 {[%clk 00:13:21]} {[%emt 00:00:04]} Rh7 {[%clk
00:36:51]} {[%emt 00:00:21]} 0-1

[Event "Deutsche Ländermeisterschaft 2025"]
[Site "Oer-Erkenschwick GER"]
[Date "2025.10.03"]
[Round "4"]
[White "Prashanthakumar, Arju"]
[Black "Junge, Mattheo Gabriel"]
[Result "0-1"]
[Termination "normal"]
[Board "9.4"]
[WhiteElo "1817"]
[BlackElo "1946"]
[WhiteClock "00:08:05"]
[BlackClock "00:13:28"]
[WhiteTeam "Saarland & Friends"]
[BlackTeam "Thüringen"]
[PlyCount "84"]
[WhiteFideId "34604065"]
[BlackFideId "34605908"]
[EventCountry "GER"]
[EventRounds "7"]
[EventType "team-swiss"]
[EventDate "2025.09.30"]

1. e4 {[%clk 01:30:57]} {[%emt 00:00:03]} c6 {[%clk 01:30:55]} {[%emt
00:00:04]} 2. d4 {[%clk 01:31:08]} {[%emt 00:00:19]} d5 {[%clk 01:31:08]}
{[%emt 00:00:18]} 3. e5 {[%clk 01:31:17]} {[%emt 00:00:21]} Bf5 {[%clk
01:31:28]} {[%emt 00:00:10]} 4. h4 {[%clk 01:30:51]} {[%emt 00:00:54]} h5
{[%clk 01:30:48]} {[%emt 00:01:11]} 5. Bd3 {[%clk 01:30:51]} {[%emt 00:00:29]}
Bxd3 {[%clk 01:31:03]} {[%emt 00:00:16]} 6. Qxd3 {[%clk 01:31:09]} {[%emt
00:00:12]} e6 {[%clk 01:31:18]} {[%emt 00:00:16]} 7. Nf3 {[%clk 01:31:20]}
{[%emt 00:00:18]} Nd7 {[%clk 01:30:28]} {[%emt 00:01:18]} 8. O-O {[%clk
01:26:21]} {[%emt 00:05:31]} Be7 {[%clk 01:30:33]} {[%emt 00:00:25]} 9. Bg5
{[%clk 01:24:46]} {[%emt 00:02:04]} Nh6 {[%clk 01:29:57]} {[%emt 00:01:06]} 10.
Nbd2 {[%clk 01:23:31]} {[%emt 00:01:46]} Nf5 {[%clk 01:29:57]} {[%emt
00:00:30]} 11. g3 {[%clk 01:22:08]} {[%emt 00:01:53]} O-O {[%clk 01:20:43]}
{[%emt 00:09:45]} 12. Bxe7 {[%clk 01:21:01]} {[%emt 00:01:36]} Qxe7 {[%clk
01:21:01]} {[%emt 00:00:12]} 13. c4 {[%clk 01:19:10]} {[%emt 00:02:21]} dxc4
{[%clk 01:20:31]} {[%emt 00:01:00]} 14. Nxc4 {[%clk 01:18:15]} {[%emt
00:01:25]} Nb6 {[%clk 01:20:30]} {[%emt 00:00:31]} 15. Ne3 {[%clk 01:15:53]}
{[%emt 00:02:52]} g6 {[%clk 01:16:16]} {[%emt 00:04:43]} 16. Rac1 {[%clk
01:07:06]} {[%emt 00:09:17]} Rad8 {[%clk 01:16:14]} {[%emt 00:00:32]} 17. Qe4
{[%clk 00:56:38]} {[%emt 00:10:58]} Nd5 {[%clk 01:12:33]} {[%emt 00:04:11]} 18.
Kg2 {[%clk 00:53:34]} {[%emt 00:03:33]} Kg7 {[%clk 01:12:37]} {[%emt 00:00:27]}
19. a3 {[%clk 00:51:41]} {[%emt 00:02:24]} Rd7 {[%clk 01:12:31]} {[%emt
00:00:35]} 20. Rh1 {[%clk 00:40:02]} {[%emt 00:12:08]} Rfd8 {[%clk 00:59:53]}
{[%emt 00:13:08]} 21. Rcd1 {[%clk 00:37:53]} {[%emt 00:02:40]} Ndxe3+ {[%clk
00:42:32]} {[%emt 00:17:52]} 22. fxe3 {[%clk 00:37:57]} {[%emt 00:00:25]} c5
{[%clk 00:42:40]} {[%emt 00:00:22]} 23. Rd3 {[%clk 00:28:20]} {[%emt 00:10:07]}
cxd4 {[%clk 00:42:23]} {[%emt 00:00:47]} 24. exd4 {[%clk 00:28:16]} {[%emt
00:00:34]} Rc8 {[%clk 00:42:32]} {[%emt 00:00:21]} 25. Rhd1 {[%clk 00:26:48]}
{[%emt 00:01:58]} Rdc7 {[%clk 00:36:32]} {[%emt 00:06:21]} 26. d5 {[%clk
00:23:40]} {[%emt 00:03:47]} exd5 {[%clk 00:34:13]} {[%emt 00:02:49]} 27. Rxd5
{[%clk 00:23:24]} {[%emt 00:00:47]} Qe6 {[%clk 00:22:59]} {[%emt 00:11:42]} 28.
Nd4 {[%clk 00:19:50]} {[%emt 00:04:07]} Nxd4 {[%clk 00:17:08]} {[%emt
00:06:21]} 29. R5xd4 {[%clk 00:18:10]} {[%emt 00:02:09]} Rc2+ {[%clk 00:14:55]}
{[%emt 00:02:42]} 30. R4d2 {[%clk 00:16:16]} {[%emt 00:02:26]} Qb3 {[%clk
00:14:02]} {[%emt 00:01:20]} 31. Qb4 {[%clk 00:10:40]} {[%emt 00:06:08]} Qd5+
{[%clk 00:12:45]} {[%emt 00:01:45]} 32. Kg1 {[%clk 00:08:04]} {[%emt 00:03:08]}
Qxe5 {[%clk 00:12:03]} {[%emt 00:01:12]} 33. Rxc2 {[%clk 00:06:55]} {[%emt
00:01:38]} Rxc2 {[%clk 00:11:40]} {[%emt 00:00:53]} 34. Qd4 {[%clk 00:06:57]}
{[%emt 00:00:29]} Qxd4+ {[%clk 00:12:05]} {[%emt 00:00:06]} 35. Rxd4 {[%clk
00:07:18]} {[%emt 00:00:09]} Rxb2 {[%clk 00:12:31]} {[%emt 00:00:04]} 36. g4
{[%clk 00:07:05]} {[%emt 00:00:43]} hxg4 {[%clk 00:12:29]} {[%emt 00:00:31]}
37. Rxg4 {[%clk 00:07:26]} {[%emt 00:00:09]} Ra2 {[%clk 00:12:44]} {[%emt
00:00:15]} 38. a4 {[%clk 00:07:42]} {[%emt 00:00:14]} f5 {[%clk 00:13:00]}
{[%emt 00:00:14]} 39. Rb4 {[%clk 00:07:55]} {[%emt 00:00:17]} b6 {[%clk
00:13:25]} {[%emt 00:00:06]} 40. Kf1 {[%clk 00:07:45]} {[%emt 00:00:40]} Kh6
{[%clk 00:13:33]} {[%emt 00:00:22]} 41. Kg1 {[%clk 00:07:47]} {[%emt 00:00:27]}
g5 {[%clk 00:13:08]} {[%emt 00:00:54]} 42. hxg5+ {[%clk 00:08:05]} {[%emt
00:00:13]} Kxg5 {[%clk 00:13:28]} {[%emt 00:00:09]} 0-1

[Event "Deutsche Ländermeisterschaft 2025"]
[Site "Oer-Erkenschwick GER"]
[Date "2025.10.03"]
[Round "4"]
[White "Meitzner, Jonathan Franz"]
[Black "Jung, Marcel"]
[Result "0-1"]
[Termination "normal"]
[Board "9.5"]
[WhiteElo "1834"]
[BlackElo "1749"]
[WhiteClock "00:07:40"]
[BlackClock "00:46:41"]
[WhiteTeam "Thüringen"]
[BlackTeam "Saarland & Friends"]
[PlyCount "48"]
[WhiteFideId "34616110"]
[BlackFideId "34673881"]
[EventCountry "GER"]
[EventRounds "7"]
[EventType "team-swiss"]
[EventDate "2025.09.30"]

1. e4 {[%clk 01:30:57]} {[%emt 00:00:02]} Nf6 {[%clk 01:30:49]} {[%emt
00:00:11]} 2. Nc3 {[%clk 01:30:14]} {[%emt 00:01:14]} e5 {[%clk 01:29:57]}
{[%emt 00:01:23]} 3. Nf3 {[%clk 01:27:51]} {[%emt 00:02:52]} Nc6 {[%clk
01:29:56]} {[%emt 00:00:31]} 4. Bc4 {[%clk 01:26:08]} {[%emt 00:02:13]} Bc5
{[%clk 01:30:18]} {[%emt 00:00:08]} 5. O-O {[%clk 01:26:15]} {[%emt 00:00:23]}
d6 {[%clk 01:30:41]} {[%emt 00:00:06]} 6. h3 {[%clk 01:25:49]} {[%emt
00:00:56]} Be6 {[%clk 01:28:06]} {[%emt 00:03:05]} 7. Bb3 {[%clk 01:18:30]}
{[%emt 00:07:50]} Qd7 {[%clk 01:26:09]} {[%emt 00:02:26]} 8. Kh2 {[%clk
01:17:40]} {[%emt 00:01:20]} O-O-O {[%clk 01:25:40]} {[%emt 00:00:59]} 9. d3
{[%clk 01:14:26]} {[%emt 00:03:44]} h5 {[%clk 01:24:26]} {[%emt 00:01:44]} 10.
Bxe6 {[%clk 01:05:13]} {[%emt 00:09:42]} Qxe6 {[%clk 01:24:22]} {[%emt
00:00:35]} 11. Ng5 {[%clk 01:02:39]} {[%emt 00:03:05]} Qd7 {[%clk 01:18:09]}
{[%emt 00:06:42]} 12. Na4 {[%clk 00:55:33]} {[%emt 00:07:36]} Ng4+ {[%clk
01:03:39]} {[%emt 00:15:00]} 13. Kg1 {[%clk 00:39:16]} {[%emt 00:16:47]} Bxf2+
{[%clk 01:03:20]} {[%emt 00:00:49]} 14. Rxf2 {[%clk 00:39:31]} {[%emt
00:00:14]} Nxf2 {[%clk 01:03:47]} {[%emt 00:00:04]} 15. Kxf2 {[%clk 00:39:43]}
{[%emt 00:00:19]} f6 {[%clk 01:02:50]} {[%emt 00:01:26]} 16. Nf3 {[%clk
00:38:53]} {[%emt 00:01:19]} g5 {[%clk 01:03:06]} {[%emt 00:00:15]} 17. Qf1
{[%clk 00:28:28]} {[%emt 00:10:56]} g4 {[%clk 01:02:14]} {[%emt 00:01:22]} 18.
Ne1 {[%emt 00:03:58]} f5 {[%clk 01:01:07]} {[%emt 00:01:36]} 19. exf5 {[%clk
00:23:08]} {[%emt 00:02:23]} Rdf8 {[%clk 01:00:20]} {[%emt 00:01:16]} 20. Kg3
{[%clk 00:17:58]} {[%emt 00:05:41]} Rxf5 {[%clk 00:57:49]} {[%emt 00:03:00]}
21. Qg1 {[%clk 00:14:26]} {[%emt 00:04:02]} Rhf8 {[%clk 00:49:49]} {[%emt
00:08:30]} 22. h4 {[%clk 00:10:16]} {[%emt 00:04:40]} Rf1 {[%clk 00:47:16]}
{[%emt 00:03:03]} 23. Qe3 {[%clk 00:10:16]} {[%emt 00:00:26]} Nd4 {[%clk
00:47:05]} {[%emt 00:00:44]} 24. Qe4 {[%clk 00:07:40]} {[%emt 00:03:07]} Qxa4
{[%clk 00:46:41]} {[%emt 00:00:53]} 0-1

[Event "Deutsche Ländermeisterschaft 2025"]
[Site "Oer-Erkenschwick GER"]
[Date "2025.10.03"]
[Round "4"]
[White "Hoffmann, Sophia"]
[Black "Ulrich, Helena Irene"]
[Result "0-1"]
[Termination "normal"]
[Board "9.6"]
[WhiteElo "1666"]
[BlackElo "1806"]
[WhiteClock "00:00:57"]
[BlackClock "00:01:38"]
[WhiteTeam "Saarland & Friends"]
[BlackTeam "Thüringen"]
[PlyCount "75"]
[WhiteFideId "16259130"]
[BlackFideId "16256000"]
[EventCountry "GER"]
[EventRounds "7"]
[EventType "team-swiss"]
[EventDate "2025.09.30"]

1. d4 {[%clk 01:30:57]} {[%emt 00:00:03]} Nf6 {[%clk 01:30:57]} {[%emt
00:00:03]} 2. Bf4 {[%clk 01:31:20]} {[%emt 00:00:06]} g6 {[%clk 01:31:22]}
{[%emt 00:00:05]} 3. Nf3 {[%clk 01:31:32]} {[%emt 00:00:18]} Bg7 {[%clk
01:31:42]} {[%emt 00:00:10]} 4. e3 {[%clk 01:31:53]} {[%emt 00:00:10]} d6
{[%clk 01:32:06]} {[%emt 00:00:06]} 5. c4 {[%clk 01:31:48]} {[%emt 00:00:35]}
O-O {[%clk 01:31:29]} {[%emt 00:01:07]} 6. h3 {[%clk 01:31:33]} {[%emt
00:00:45]} Nfd7 {[%clk 01:31:28]} {[%emt 00:00:31]} 7. Nc3 {[%clk 01:28:56]}
{[%emt 00:03:08]} e5 {[%clk 01:26:11]} {[%emt 00:05:47]} 8. Bh2 {[%clk
01:27:55]} {[%emt 00:01:30]} Nc6 {[%clk 01:24:46]} {[%emt 00:01:56]} 9. d5
{[%clk 01:23:24]} {[%emt 00:05:02]} Ne7 {[%clk 01:25:03]} {[%emt 00:00:13]} 10.
e4 {[%clk 01:19:47]} {[%emt 00:04:06]} a5 {[%clk 01:21:22]} {[%emt 00:04:11]}
11. Bd3 {[%clk 01:06:35]} {[%emt 00:13:41]} f5 {[%clk 01:11:32]} {[%emt
00:10:22]} 12. O-O {[%clk 01:00:31]} {[%emt 00:06:33]} f4 {[%clk 01:11:27]}
{[%emt 00:00:36]} 13. Ne2 {[%clk 00:53:13]} {[%emt 00:07:48]} Nf6 {[%clk
01:05:45]} {[%emt 00:06:11]} 14. c5 {[%clk 00:44:15]} {[%emt 00:09:28]} h6
{[%clk 00:59:25]} {[%emt 00:06:50]} 15. h4 {[%clk 00:39:27]} {[%emt 00:05:18]}
Bg4 {[%clk 00:55:54]} {[%emt 00:04:02]} 16. Nd2 {[%clk 00:35:39]} {[%emt
00:04:17]} g5 {[%clk 00:45:05]} {[%emt 00:11:20]} 17. f3 {[%clk 00:33:07]}
{[%emt 00:03:02]} Bc8 {[%clk 00:45:16]} {[%emt 00:00:18]} 18. hxg5 {[%clk
00:31:20]} {[%emt 00:02:18]} hxg5 {[%clk 00:44:44]} {[%emt 00:01:03]} 19. g4
{[%clk 00:30:45]} {[%emt 00:01:04]} fxg3 {[%clk 00:39:06]} {[%emt 00:06:08]}
20. Nxg3 {[%clk 00:30:05]} {[%emt 00:01:10]} Bh3 {[%clk 00:37:16]} {[%emt
00:02:20]} 21. Rf2 {[%clk 00:29:14]} {[%emt 00:01:12]} Bh6 {[%clk 00:33:17]}
{[%emt 00:04:38]} 22. Bf1 {[%clk 00:27:56]} {[%emt 00:01:48]} Qd7 {[%clk
00:27:22]} {[%emt 00:06:26]} 23. Rc1 {[%clk 00:23:46]} {[%emt 00:04:39]} Bxf1
{[%clk 00:20:40]} {[%emt 00:07:12]} 24. Qxf1 {[%clk 00:20:14]} {[%emt
00:04:02]} g4 {[%clk 00:20:33]} {[%emt 00:00:38]} 25. Rc3 {[%clk 00:15:44]}
{[%emt 00:04:59]} Bf4 {[%clk 00:15:02]} {[%emt 00:06:01]} 26. Nh1 {[%clk
00:07:45]} {[%emt 00:08:27]} Ng6 {[%clk 00:12:52]} {[%emt 00:02:42]} 27. Bxf4
{[%clk 00:05:26]} {[%emt 00:02:49]} Nxf4 {[%clk 00:13:15]} {[%emt 00:00:06]}
28. fxg4 {[%clk 00:03:41]} {[%emt 00:02:15]} Rf7 {[%clk 00:12:19]} {[%emt
00:01:26]} 29. Rg3 {[%clk 00:02:17]} {[%emt 00:01:53]} Rg7 {[%clk 00:12:10]}
{[%emt 00:00:40]} 30. Rff3 {[%clk 00:01:47]} {[%emt 00:00:59]} Qa4 {[%clk
00:09:47]} {[%emt 00:02:54]} 31. Qf2 {[%clk 00:00:51]} {[%emt 00:01:21]} Nxg4
{[%clk 00:09:23]} {[%emt 00:00:58]} 32. Qf1 {[%clk 00:00:34]} {[%emt 00:00:46]}
Qd4+ {[%clk 00:09:06]} {[%emt 00:00:48]} 33. Nf2 {[%clk 00:00:41]} {[%emt
00:00:22]} Qxc5 {[%clk 00:02:38]} {[%emt 00:06:59]} 34. Nb3 {[%clk 00:00:36]}
{[%emt 00:00:35]} Qb6 {[%clk 00:02:54]} {[%emt 00:00:14]} 35. Nc1 {[%clk
00:00:39]} {[%emt 00:00:27]} Rf8 {[%clk 00:01:59]} {[%emt 00:01:26]} 36. Ne2
{[%clk 00:00:37]} {[%emt 00:00:31]} Nh3+ {[%clk 00:01:11]} {[%emt 00:01:18]}
37. Qxh3 {[%clk 00:00:57]} {[%emt 00:00:10]} Rxf3 {[%clk 00:01:38]} {[%emt
00:00:03]} 38. Kg2 {[%emt 00:00:58]} 0-1

[Event "Deutsche Ländermeisterschaft 2025"]
[Site "Oer-Erkenschwick GER"]
[Date "2025.10.03"]
[Round "4"]
[White "Ignatova, Gabriela"]
[Black "Didas, Emma"]
[Result "1-0"]
[Termination "normal"]
[Board "9.7"]
[WhiteElo "1703"]
[BlackElo "1489"]
[WhiteClock "00:45:26"]
[BlackClock "00:27:31"]
[WhiteTeam "Thüringen"]
[BlackTeam "Saarland & Friends"]
[PlyCount "53"]
[WhiteFideId "34623698"]
[BlackFideId "34681612"]
[EventCountry "GER"]
[EventRounds "7"]
[EventType "team-swiss"]
[EventDate "2025.09.30"]

1. e4 {[%clk 01:30:53]} {[%emt 00:00:04]} d6 {[%clk 01:30:54]} {[%emt
00:00:06]} 2. d4 {[%clk 01:31:13]} {[%emt 00:00:10]} Nf6 {[%clk 01:31:19]}
{[%emt 00:00:05]} 3. Nc3 {[%clk 01:31:36]} {[%emt 00:00:08]} g6 {[%clk
01:31:42]} {[%emt 00:00:06]} 4. Be3 {[%clk 01:31:47]} {[%emt 00:00:19]} c6
{[%clk 01:31:26]} {[%emt 00:00:47]} 5. h3 {[%clk 01:31:44]} {[%emt 00:00:34]}
Nbd7 {[%clk 01:31:08]} {[%emt 00:00:46]} 6. f4 {[%clk 01:31:21]} {[%emt
00:00:53]} Qa5 {[%clk 01:21:50]} {[%emt 00:09:48]} 7. Qd2 {[%clk 01:26:39]}
{[%emt 00:05:13]} c5 {[%clk 01:15:22]} {[%emt 00:06:58]} 8. Nf3 {[%clk
01:16:38]} {[%emt 00:10:32]} cxd4 {[%clk 01:09:11]} {[%emt 00:06:40]} 9. Bxd4
{[%clk 01:12:47]} {[%emt 00:04:21]} Nc5 {[%clk 00:53:29]} {[%emt 00:16:12]} 10.
Bxf6 {[%clk 01:06:35]} {[%emt 00:06:43]} exf6 {[%clk 00:53:43]} {[%emt
00:00:15]} 11. Qd4 {[%clk 01:06:44]} {[%emt 00:00:20]} Ne6 {[%clk 00:48:48]}
{[%emt 00:05:26]} 12. Bb5+ {[%clk 00:58:33]} {[%emt 00:08:40]} Bd7 {[%clk
00:44:46]} {[%emt 00:04:33]} 13. Bxd7+ {[%clk 00:54:00]} {[%emt 00:05:03]} Kxd7
{[%clk 00:44:58]} {[%emt 00:00:18]} 14. Qxf6 {[%clk 00:49:03]} {[%emt
00:05:26]} Bg7 {[%clk 00:37:54]} {[%emt 00:07:34]} 15. Qxf7+ {[%clk 00:49:06]}
{[%emt 00:00:27]} Kd8 {[%clk 00:37:46]} {[%emt 00:00:38]} 16. Qxe6 {[%clk
00:49:23]} {[%emt 00:00:13]} Bxc3+ {[%clk 00:38:04]} {[%emt 00:00:12]} 17. bxc3
{[%clk 00:49:35]} {[%emt 00:00:18]} Qxc3+ {[%clk 00:38:09]} {[%emt 00:00:26]}
18. Kf2 {[%clk 00:49:28]} {[%emt 00:00:37]} Qxc2+ {[%clk 00:37:16]} {[%emt
00:01:23]} 19. Kg3 {[%clk 00:49:18]} {[%emt 00:00:41]} Qc5 {[%clk 00:36:01]}
{[%emt 00:01:35]} 20. Rhd1 {[%clk 00:49:11]} {[%emt 00:00:45]} Rc8 {[%clk
00:31:19]} {[%emt 00:05:13]} 21. Qxd6+ {[%clk 00:46:49]} {[%emt 00:02:53]} Qxd6
{[%clk 00:31:31]} {[%emt 00:00:17]} 22. Rxd6+ {[%clk 00:47:14]} {[%emt
00:00:05]} Ke7 {[%clk 00:31:36]} {[%emt 00:00:23]} 23. Rad1 {[%clk 00:47:21]}
{[%emt 00:00:26]} Rc7 {[%clk 00:31:29]} {[%emt 00:00:36]} 24. Ng5 {[%clk
00:46:05]} {[%emt 00:01:46]} Rc3+ {[%clk 00:28:07]} {[%emt 00:03:52]} 25. Kh2
{[%clk 00:45:29]} {[%emt 00:01:07]} h6 {[%clk 00:27:21]} {[%emt 00:01:15]} 26.
Rd7+ {[%clk 00:45:26]} {[%emt 00:00:33]} Kf6 {[%clk 00:27:31]} {[%emt
00:00:20]} 27. R1d6# {[%emt 00:00:09]} 1-0